ندوة بحوث مطروح من 28 الى 30 يونيو 1978: مجلد ابحاث واحة سيوة

Saved in:

Corporate Author: Ain-Shams University.

Format: Book

Language: Undetermined

Published: Egypt Ain-Shams University 1978

Tags: Add Tag

No Tags, Be the first to tag this record!

Call Number: A65 SIWA

LEADER 00387nam a2200121Ia 4500
008 240404s9999||||xx |||||||||||||| ||und||
050 4 |a A65 SIWA 
110 0 |a Ain-Shams University. 
245 1 0 |a ندوة بحوث مطروح من 28 الى 30 يونيو 1978: مجلد ابحاث واحة سيوة 
264 1 |a Egypt  |b Ain-Shams University  |c 1978 
300 |a 151  |c 27 
942 |2 lcc  |c BK 
999 |c 58179  |d 58179